000 01005nam a2200265Ia 4500
003 OSt
005 20220923211532.0
006 a|||||r|||| 00| 0
007 ta
008 220922b |||||||| |||| 00| 0 hin d
020 _a9789382114260 (hbk)
_c290
024 _a272,217
037 _bIN-01742, 05/08/2013, Kitab Ghar Prakashan
_cTextual
040 _aARTS
_cARTS
_bhin
041 _2hin
_ahin
082 _aO152,1N41x, Q3
100 _aनिश्चल, ओम, संपा0
_9160728
245 0 _aआश्चर्य की तरह खुला है संसार
246 _aĀshcharya kī tarah khulā hai sansāra
260 _aनई दिल्ली
_b किताबघर प्रकाशन
_c2013
300 _a131पृ.
_ccm.
650 _aहिन्दी साहित्य
_9156264
942 _hO152,1N41x, Q3
_cTEXL
_2CC
999 _c300555
_d300555